[Event "Svetla nad Sazavou Mares Memorial"]
[Site "Svetla nad Sazavou"]
[Date "2023.12.29"]
[Round "3"]
[White "Kindler, Mikhail"]
[Black "Simajchl, Adam"]
[Result "1-0"]
[WhiteElo "1938"]
[BlackElo "1637"]
[PlyCount "59"]
[EventDate "2023.12.29"]
[EventType "swiss"]
[EventRounds "9"]
[EventCountry "CZE"]
[SourceTitle "CBM 218 Extra"]
[Source "ChessBase"]
[SourceDate "2024.03.31"]
[SourceVersion "1"]
[SourceVersionDate "2024.03.31"]
[SourceQuality "1"]

1. Nf3 d5 2. e4 dxe4 3. Ng5 e5 4. h4 g6 5. Bc4 Nh6 6. Nc3 Bg7 7. Ncxe4 0-0 8. d3 Kh8 9. h5 Bg4 10. f3 Bxh5 11. g4 f5 12. Ne6 Qe7 13. Bg5 Qb4+ 14. Bd2 Qb6 15. gxh5 fxe4 16. Nxf8 Bxf8 17. hxg6 Qxg6 18. Qe2 exf3 19. Qxf3 Nc6 20. 0-0-0 Nd4 21. Qe3 Nhf5 22. Qxe5+ Bg7 23. Qxc7 Qf6 24. c3 b5 25. Bd5 Rd8 26. Be4 Qa6 27. Kb1 Rc8 28. Qf7 Rf8 29. Rxh7+ Kxh7 30. Rh1+ 1-0

[Event "Ceske Budejovice op-A"]
[Site "Ceske Budejovice"]
[Date "2022.07.06"]
[Round "6"]
[White "Simajchl, Adam"]
[Black "Rybackova, Lucie"]
[Result "1-0"]
[WhiteElo "1610"]
[BlackElo "1696"]
[PlyCount "91"]
[EventDate "2022.07.01"]
[EventType "swiss"]
[EventRounds "9"]
[EventCountry "CZE"]
[SourceTitle "CBM 209 Extra"]
[Source "ChessBase"]
[SourceDate "2022.09.30"]
[SourceVersion "1"]
[SourceVersionDate "2022.09.30"]
[SourceQuality "1"]

1. d4 Nf6 2. c4 g6 3. f3 d5 4. cxd5 Nxd5 5. e4 Nb6 6. Nc3 Bg7 7. Be3 0-0 8. Qd2 Nc6 9. 0-0-0 f5 10. h4 fxe4 11. h5 e5 12. d5 Ne7 13. hxg6 Nxg6 14. fxe4 Bg4 15. Re1 Qe7 16. g3 a5 17. Qh2 Bf6 18. Bc5 Bg5+ 19. Kb1 Qg7 20. Bxf8 Rxf8 21. Bh3 Bxh3 22. Qxh3 Bd2 23. Rf1 Rxf1+ 24. Qxf1 Bxc3 25. bxc3 Qd7 26. Qe2 Na4 27. Qc4 b5 28. Qd3 Qg4 29. Kc2 Nc5 30. Qf3 Qxf3 31. Nxf3 Nxe4 32. Nxe5 Nxe5 33. Re1 Nxg3 34. Rxe5 Kf7 35. Kd3 Kf6 36. Re6+ Kf7 37. Rc6 h5 38. Rxc7+ Ke8 39. Kd4 h4 40. Rh7 Ne2+ 41. Ke5 Kd8 42. Kd6 Kc8 43. Kc6 Kb8 44. d6 Nf4 45. d7 Ne6 46. Rh8+ 1-0